[Event "ARG-ch"]
[Site "Buenos Aires"]
[Date "1988.??.??"]
[Round "?"]
[White "Sabas, Jorge"]
[Black "Glavina, Pablo"]
[Result "1/2-1/2"]
[WhiteElo "2215"]
[BlackElo "2240"]

1.e4 c5 2.Nf3 d6 3.Bb5+ Nd7 4.c4 Nf6 5.Nc3 g6 6.O-O Bg7 7.d3 O-O 8.Ba4 Nb6
9.Bb3 Bg4 10.h3 Bxf3 11.Qxf3 Nfd7 12.Qg3 Ne5 13.f4 Nc6 14.f5 Nd4 15.Bd1 Nd7
16.h4 Kh8 17.Nd5 e6 18.Bg5 Nf6 19.fxe6 fxe6 20.Nxf6 Bxf6 21.Rxf6 Rxf6 22.e5 Nf5
23.Qf4 dxe5 24.Qxe5 Kg7 25.Qxc5 Qxd3 26.Bxf6+ Kxf6 27.Bf3 Qd4+ 28.Qxd4+ Nxd4
29.Rd1 Ke5 30.Kf2 Rf8 31.b3 Rf4 32.Re1+ Kd6 33.Re4 Rxe4 34.Bxe4 b5 35.Ke3 Kc5
36.cxb5 Nxb5 37.g4 Kb4 38.Kf4 Nc3 39.Bc2 Ne2+ 40.Ke5 Ng3 41.Kxe6 Ka3 42.Ke5 Kxa2
43.Kf4 Ne2+ 44.Kg5 a5 45.h5 gxh5 46.gxh5 h6+ 47.Kxh6 Ng3 48.Kg5 Nxh5 49.Kxh5 Kb2
50.Bd1 Kc3 51.Kg4 Kd2  1/2-1/2

[Event "Buenos Aires"]
[Site "Buenos Aires"]
[Date "1988.??.??"]
[Round "?"]
[White "Ricardi, Pablo"]
[Black "Valiente, Cristobal"]
[Result "1-0"]
[WhiteElo "2415"]
[BlackElo "2320"]

1.Nf3 c5 2.e4 d6 3.Bb5+ Bd7 4.Bxd7+ Qxd7 5.O-O Nf6 6.e5 dxe5 7.Nxe5 Qc7 8.d4 e6
9.Bf4 Qc8 10.Nc3 cxd4 11.Nb5 Be7 12.Nxd4 O-O 13.Re1 Rd8 14.c3 Nd5 15.Qh5 g6
16.Qf3 f6 17.Ng4 e5 18.Bxe5 fxe5 19.Rxe5 Qc4 20.Nh6+ Kg7 21.Qf7+ Kxh6 22.Rxe7  1-0

[Event "BUL-ch"]
[Site "BUL"]
[Date "1988.??.??"]
[Round "?"]
[White "Georgiev, Krum"]
[Black "Georgiev, Kiril"]
[Result "1/2-1/2"]
[WhiteElo "2490"]
[BlackElo "2595"]

1.e4 c5 2.Nf3 d6 3.Bb5+ Bd7 4.Bxd7+ Qxd7 5.O-O Nc6 6.c4 Nf6 7.Nc3 e6 8.d4 cxd4
9.Nxd4 Be7 10.Nc2 O-O 11.b3 a6 12.Bb2 b5 13.Qe2 bxc4 14.Qxc4 Qb7 15.Rad1 Rfd8
16.Qe2 Rac8 17.Kh1 a5 18.Na3 Nb4 19.Nc4 Qa6 20.Rfe1 Bf8 21.Na4 d5 22.Bxf6 gxf6
23.exd5 Nxd5 24.Rd3 Kh8 25.Qf3 Bg7  1/2-1/2

[Event "BUL-ch"]
[Site "BUL"]
[Date "1988.??.??"]
[Round "?"]
[White "Donchev, Dimitar I"]
[Black "Georgiev, Krum"]
[Result "1/2-1/2"]
[WhiteElo "2470"]
[BlackElo "2490"]

1.e4 c5 2.Nf3 d6 3.Bb5+ Bd7 4.Bxd7+ Qxd7 5.O-O Nc6 6.d4 cxd4 7.Nxd4 Nf6 8.Re1 e6
9.c4 Be7 10.Nc3 O-O 11.b3 a6 12.Bb2 Qc7 13.Rc1  1/2-1/2

[Event "ITA-ch48"]
[Site "Chianciano"]
[Date "1988.??.??"]
[Round "2"]
[White "Martorelli, Antonio"]
[Black "Marinelli, Tullio"]
[Result "0-1"]
[WhiteElo "2235"]
[BlackElo "2200"]

1.e4 c5 2.Nf3 d6 3.Bb5+ Bd7 4.Bxd7+ Nxd7 5.d4 cxd4 6.Qxd4 Ngf6 7.O-O g6 8.c4 Bg7
9.Nc3 O-O 10.Bg5 Nc5 11.Qe3 Qd7 12.h3 Na4 13.e5 dxe5 14.Nxe5 Qe8 15.Nb5 Qc8
16.Nxa7 Qf5 17.g4 Qe4 18.Rfe1 Qxe3 19.Bxe3 Rfd8 20.b3 Nc3 21.a4 Nfe4 22.f4 Nd2
23.Nb5 Bxe5 24.Bxd2 Ne2+ 25.Rxe2 Bxa1 26.Bb4 Rd3 27.Nc7 Rb8 28.Rxe7 Rxb3
29.Bd6 Rd8 30.Nb5 b6 31.Bc7 Rd2 32.Re1 Rg3+ 33.Kf1 Rxh3 34.Bxb6 Bb2 35.Re2 Rd1+
36.Kg2 Rb3 37.a5 Ra1 38.g5 Bg7 39.Nd4 Rc3 40.Bc5 Bf8 41.Bxf8 Kxf8 42.Nc6 Rxc4
43.Ne5 Rxf4 44.Kg3 Rf5  0-1

[Event "Copenhagen op"]
[Site "Copenhagen"]
[Date "1988.??.??"]
[Round "?"]
[White "Djurhuus, Rune"]
[Black "Szekely, Peter"]
[Result "1/2-1/2"]
[WhiteElo "2315"]
[BlackElo "2420"]

1.e4 c5 2.Nf3 d6 3.Bb5+ Bd7 4.Bxd7+ Qxd7 5.c4 e5 6.Nc3 Nc6 7.O-O Be7 8.d3 Bd8
9.Ne1 Ba5 10.f4 exf4 11.Bxf4 Bxc3 12.bxc3 Nge7 13.Nc2 O-O 14.Ne3 Rad8 15.Bg5 f6
16.Bh4 Rde8 17.Rb1 b6 18.g4 Rf7 19.Rb2 Qe6 20.Rbf2 Ref8 21.Kh1 Ne5 22.Nf5 Qd7
23.Qe2 Rc8 24.Ne3 b5 25.Bg3 bxc4 26.Bxe5 dxe5 27.dxc4 Ng6 28.Nd5 h6 29.Rb1 Qc6
30.Qe3 Nf4 31.Rfb2 Qa4 32.Nxf4 exf4 33.Qxf4 Qxc4 34.Qf5 Rd8 35.Rb8 Rff8 36.R8b7 Qe2
37.Qg6 Qf3+ 38.Kg1 Qe3+ 39.Kh1 Qf3+ 40.Kg1 Qe3+  1/2-1/2

[Event "Copenhagen op"]
[Site "Copenhagen"]
[Date "1988.??.??"]
[Round "?"]
[White "Djurhuus, Rune"]
[Black "Conquest, Stuart"]
[Result "0-1"]
[WhiteElo "2315"]
[BlackElo "2445"]

1.e4 c5 2.Nf3 d6 3.Bb5+ Nd7 4.d4 Nf6 5.Nc3 cxd4 6.Qxd4 e5 7.Qd3 h6 8.Be3 Be7
9.Bc4 a6 10.a4 b6 11.Nh4 g6 12.O-O Bb7 13.Nf3 Kf8 14.Nd5 Kg7 15.Nxe7 Qxe7
16.Nd2 Rhd8 17.f3 Nc5 18.Bxc5 dxc5 19.Qe2 Bc6 20.Rfd1 Qe8 21.Bxa6 Bxa4 22.Bd3 Bc6
23.Qe3 Qe7 24.b4 Nd7 25.b5 Bb7 26.Nc4 Qf6 27.Rxa8 Rxa8 28.Bf1 Bc8 29.Nd6 Qe7
30.Bc4 Nf8 31.Nxf7 g5 32.Qd3 Ng6 33.Qd5 Bb7 34.Qd7 Ra1 35.Kf2 Rxd1 36.Qxd1 Bc8
37.Nd6 Bd7 38.Qd5 Qf8 39.Qb7 Qxd6 40.Bd5 Ne7 41.c4 Kg6 42.g3 Nxd5 43.exd5 e4
44.fxe4 Qf6+ 45.Ke1 Qc3+ 46.Kf2 Qd2+  0-1

[Event "CUB-ch"]
[Site "?"]
[Date "1988.??.??"]
[Round "?"]
[White "Estevez, Guillermo"]
[Black "Vera, Reynaldo"]
[Result "0-1"]
[WhiteElo "2310"]
[BlackElo "2455"]

1.e4 c5 2.Nf3 d6 3.Bb5+ Bd7 4.Bxd7+ Nxd7 5.O-O Ngf6 6.Qe2 e6 7.d4 cxd4 8.Nxd4 Be7
9.c4 O-O 10.Nc3 Re8 11.b3 a6 12.Bb2 Qc7 13.Rac1 Rad8 14.Kh1 Bf8 15.f4 g6
16.Nf3 Bh6 17.Ng5 Qa5 18.Nh3 Bg7 19.Rcd1 Nc5 20.Nf2 Nh5 21.Qd2 b5 22.cxb5 axb5
23.Ba1 Nf6 24.Rfe1 b4 25.Nb1 d5 26.Bxf6 Bxf6 27.e5 Bh4 28.g3 Be7 29.Re2 Ra8
30.h4 Red8 31.Qe3 Qb5 32.Red2 Rd7 33.h5 Rda7 34.hxg6 fxg6 35.g4 Qc6 36.Rd4 Rxa2
37.Nd2 Nd7 38.Nd3 Qc2 39.Qf3 Ra1 40.Rxa1 Rxa1+ 41.Nf1 Qc3  0-1

[Event "Dieren op"]
[Site "Dieren"]
[Date "1988.??.??"]
[Round "8"]
[White "Etmans, Maarten D"]
[Black "Cifuentes Parada, Roberto"]
[Result "0-1"]
[WhiteElo "2290"]
[BlackElo "2480"]

1.e4 c5 2.Nf3 d6 3.Bb5+ Bd7 4.Bxd7+ Qxd7 5.O-O Nc6 6.c3 Nf6 7.Qe2 e6 8.d4 cxd4
9.cxd4 d5 10.e5 Ne4 11.Be3 Be7 12.Ne1 f6 13.f3 Ng5 14.Qd2 h6 15.f4 Ne4 16.Qe2 O-O
17.Nf3 f5 18.Nbd2 Rac8 19.Rfc1 Na5 20.Nb3 Nc4 21.Nc5 Nxc5 22.dxc5 Nxe3 23.Qxe3 Qb5
24.Kh1 Bxc5 25.Qc3 Rc6 26.Nd4 Bxd4 27.Qxd4 Rfc8 28.Rxc6 Rxc6 29.b3 Qc5 30.Qxc5 Rxc5
31.h4 Rc2 32.Kh2 h5 33.Kg3 Kf7 34.Kf3 Ke7 35.g3 Kd7 36.Ke3 Rc3+ 37.Kf2 Kc6
38.b4 Kb5 39.a4+ Kxb4  0-1

[Event "Dordrecht"]
[Site "Dordrecht"]
[Date "1988.??.??"]
[Round "?"]
[White "Winants, Luc"]
[Black "Riemersma, Liafbern"]
[Result "1/2-1/2"]
[WhiteElo "2465"]
[BlackElo "2420"]

1.e4 c5 2.Nf3 d6 3.Bb5+ Bd7 4.Bxd7+ Qxd7 5.O-O Nc6 6.c3 Nf6 7.d4 Nxe4 8.d5 Ne5
9.Nxe5 dxe5 10.Re1 Nd6 11.Rxe5 g6 12.Re1 Bg7 13.Be3 b6 14.Na3 O-O 15.Qd3 Rac8
16.Rad1 b5 17.Bf4 a6 18.h3 Rfe8 19.Re2 Rcd8 20.b3 Qf5 21.Qxf5 Nxf5 22.g4 Nd6
23.c4 bxc4 24.Bxd6 Rxd6 25.Nxc4 Rdd8 26.d6 exd6 27.Rxe8+ Rxe8 28.Rxd6 Bd4
29.Kf1 Re6 30.Rxe6 fxe6 31.Ke2 Kf7 32.f4 Kf6 33.Kf3 e5 34.Nd2 Ke6 35.Nc4 Kd5
36.fxe5 Bxe5 37.Ke3 Bd4+ 38.Kd3 h5 39.gxh5 gxh5 40.Nd2 Ke5 41.Nf3+ Kd5 42.Nxd4 cxd4
43.b4 h4 44.a3 Ke5 45.a4 Kd5 46.a5 Kc6 47.Kxd4 Kd6 48.Kc3 Kc6 49.Kc4 Kd6
50.b5 axb5+ 51.Kxb5 Kc7 52.Kc5 Kb7 53.Kd5 Ka6 54.Ke5 Kxa5 55.Kf5 Kb6 56.Kg5 Kc7
57.Kxh4 Kd7 58.Kg5 Ke8 59.Kf6 Kf8 60.h4 Kg8 61.h5  1/2-1/2

[Event "NZD-ch"]
[Site "Dunedin"]
[Date "1988.??.??"]
[Round "?"]
[White "Sarapu, Ortvin"]
[Black "Garbett, Paul Anthony"]
[Result "1/2-1/2"]
[WhiteElo "2345"]
[BlackElo "2285"]

1.e4 c5 2.Nf3 d6 3.Bb5+ Bd7 4.Bxd7+ Nxd7 5.O-O Ngf6 6.Re1 e6 7.c4 Ne5 8.Nc3 Be7
9.d3 Nfd7 10.h3 O-O 11.Be3 Nxf3+ 12.Qxf3 Ne5 13.Qe2 Nc6 14.f4 Re8 15.Rad1 a6
16.Qf2 Bh4 17.g3 Bf6 18.Rf1 Bd4  1/2-1/2

[Event "Forli op"]
[Site "Forli"]
[Date "1988.??.??"]
[Round "?"]
[White "De Eccher, Stefano"]
[Black "Pantaleoni, Claudio"]
[Result "1/2-1/2"]
[WhiteElo "2290"]
[BlackElo "2235"]

1.e4 c5 2.Nf3 d6 3.Bb5+ Bd7 4.Bxd7+ Qxd7 5.c4 Nc6 6.Nc3 g6 7.d4 cxd4 8.Nxd4 Bg7
9.Be3 Nf6 10.f3 O-O 11.O-O a6 12.Nd5 Nxd5 13.cxd5 Nxd4 14.Bxd4 Rac8 15.Bxg7 Kxg7
16.Qd4+ Kg8 17.Rfc1 Rxc1+ 18.Rxc1 Rc8 19.Rc3 Rxc3 20.Qxc3 Qb5  1/2-1/2

[Event "Frankfurt"]
[Site "Frankfurt"]
[Date "1988.??.??"]
[Round "8"]
[White "Staller, Peter"]
[Black "Carton, Patrick"]
[Result "1/2-1/2"]
[WhiteElo "2370"]
[BlackElo "2240"]

1.e4 c5 2.Nf3 d6 3.Bb5+ Bd7 4.Bxd7+ Qxd7 5.c4 Nc6 6.Nc3 g6 7.d4 cxd4 8.Nxd4 Bg7
9.Be3 Nf6 10.f3 O-O 11.O-O Nxd4 12.Bxd4 Rfd8 13.Qd2 e6 14.Rfd1 Qc6 15.b3 Ne8
16.Bxg7 Kxg7 17.Qd3 a6 18.a4 Rdc8 19.Kh1 Qc5 20.Rac1 Rc6 21.Na2 Qa3 22.Qc3+ Kg8
23.Ra1 Qc5 24.Nb4 Qa5 25.Rac1 Rc7 26.Nd5 Qxc3 27.Nxc3 Kf8 28.Kg1 Ke7 29.Kf2 Rac8
30.Ke3 Rc5 31.Ne2 Nf6 32.Nf4 Nd7 33.Nd3 R5c7 34.a5 Nc5 35.Rc3 Nxd3 36.Rcxd3 Rc5
37.Rxd6 R8c7 38.Rd8 Rxa5 39.Rh8 Ra3 40.Rd3 Rd7 41.Rxd7+ Kxd7 42.Rxh7 Rxb3+
43.Kd4 Ke7 44.e5 b5 45.cxb5 Rxb5 46.h4 a5 47.h5 gxh5 48.Rxh5 a4 49.Rh1 a3
50.Ra1 Ra5 51.Ra2 Kd7 52.Kc4 Kc6 53.Kb4 Rb5+ 54.Kc4 Rc5+ 55.Kb4 Rxe5 56.Rxa3 Re2
57.Ra7 f5 58.Rg7 Rc2 59.Kb3 Rc1 60.Kb2 Rc5 61.Rh7 Kd6 62.Rh1 f4 63.Re1 e5
64.Rd1+  1/2-1/2

[Event "Bundesliga 8788"]
[Site "Germany"]
[Date "1988.??.??"]
[Round "?"]
[White "Hecht, Hans Joachim"]
[Black "Ramos, Domingo"]
[Result "0-1"]
[WhiteElo "2445"]
[BlackElo "2315"]

1.e4 c5 2.Nf3 d6 3.Bb5+ Bd7 4.Bxd7+ Qxd7 5.c4 Nf6 6.Nc3 Nc6 7.O-O e6 8.d4 cxd4
9.Nxd4 Be7 10.Be3 O-O 11.b3 b6 12.Qe2 Qb7 13.f3 Rac8 14.Rac1 a6 15.Rfd1 Ne5
16.Kh1 h6 17.f4 Ned7 18.Bg1 Nc5 19.Re1 Rfe8 20.e5 Nh7 21.Rcd1 dxe5 22.fxe5 Nd7
23.Rd3 Bb4 24.Nf3 b5 25.Red1 Nhf8 26.Qb2 Rc7 27.a3 Bxc3 28.Rxc3 Rec8 29.Qe2 Ng6
30.Rd4 bxc4 31.Rdxc4 Rxc4 32.bxc4 Qc7 33.Bd4 Rb8 34.Rc1 Rb3 35.Qe4 Nc5 36.Bxc5 Qxc5
37.Qa8+ Kh7 38.Qxa6 Qf2 39.Qc6 Re3 40.Rg1 Nf4 41.Qb7 Nd3 42.Qb1 g6 43.Qf1 Qxf1
44.Rxf1 g5 45.h3 Nf4 46.Ra1 Rc3 47.a4 Rxc4 48.a5 Rc7 49.a6 Ra7 50.Kh2 Kg6
51.g3 Nd3 52.Ra5 Nb4 53.Nd4 Rxa6 54.Rxa6 Nxa6 55.Kg2 Nc5 56.Kf3 Nd3 57.Nc6 Kf5
58.g4+ Kg6 59.Kg3 h5 60.gxh5+ Kxh5 61.Kf3 Kh4 62.Ke3 Nf4 63.Nd8 Nxh3 64.Nxf7 g4
65.Nd6 Ng5 66.Nb5 g3 67.Nd4 Kg4 68.Ne2 Nh3  0-1

[Event "Bundesliga 8788"]
[Site "Germany"]
[Date "1988.??.??"]
[Round "?"]
[White "Heidrich, Manfred"]
[Black "Doncevic, Dario"]
[Result "1/2-1/2"]
[WhiteElo "2260"]
[BlackElo "2360"]

1.e4 c5 2.Nf3 d6 3.Bb5+ Bd7 4.a4 Nc6 5.O-O Nf6 6.Re1 g6 7.Na3 Bg7 8.Nc4 O-O
9.e5 Ne8 10.exd6 Nxd6 11.Nxd6 exd6 12.d3  1/2-1/2

[Event "BL2-W8788"]
[Site "Germany"]
[Date "1988.??.??"]
[Round "?"]
[White "Stertenbrink, Guenter"]
[Black "Dueball, Juergen"]
[Result "1/2-1/2"]
[WhiteElo "2280"]
[BlackElo "2445"]

1.e4 c5 2.Nf3 d6 3.Bb5+ Nd7 4.O-O Nf6 5.Re1 a6 6.Bf1 b5 7.a4 Bb7 8.axb5 axb5
9.Rxa8 Qxa8 10.Bxb5 Bxe4 11.Re3 e6 12.Ra3 Qb7 13.Nc3 Bc6 14.Qe2 Be7 15.Bxc6 Qxc6
16.Ra6 Nb6 17.Qb5 Qxb5 18.Nxb5 Nc8 19.d4 O-O 20.Kf1 Nd5 21.c3 Ncb6 22.Nd2 cxd4
23.Nxd4 Rc8 24.g3 g6 25.Ke2 e5 26.Nb5 f5 27.Na3 Ra8 28.Rxa8+ Nxa8 29.Nc2 Kf7
30.c4 Ndb6 31.b4 Nc7 32.f4  1/2-1/2

[Event "BL2-SW8788"]
[Site "Germany"]
[Date "1988.??.??"]
[Round "?"]
[White "Werner, Clemens"]
[Black "Duester, Thomas"]
[Result "0-1"]
[WhiteElo "2255"]
[BlackElo "2315"]

1.e4 c5 2.Nf3 d6 3.Bb5+ Bd7 4.Bxd7+ Qxd7 5.c4 Qe6 6.Qe2 Nc6 7.Nc3 g6 8.b3 Bg7
9.Bb2 Qd7 10.O-O Nh6 11.d3 O-O 12.a3 f5 13.Rab1 f4 14.Qd1 Nf7 15.h3 Nd4 16.Nxd4 Bxd4
17.Kh2 Ne5 18.f3 Rab8 19.b4 g5 20.Ne2 Bxb2 21.Rxb2 b5 22.Qb3 bxc4 23.dxc4 Qe6
24.Rc2 h5 25.b5 Rf7 26.Nc3 Qxc4 27.Qxc4 Nxc4 28.Ra1 Ne5 29.Kg1 g4 30.hxg4 hxg4
31.Kf2 Rh7 32.fxg4 Rf8 33.Rg1 f3 34.gxf3 Nxf3 35.Rg2 Nd4+ 36.Ke1 Nxc2+ 37.Rxc2 Rh1+
38.Kd2 Rf2+ 39.Ne2 Ra1 40.Ke3 Rh2 41.Rc3 Rh3+ 42.Kf4 Rxa3 43.Rxh3 Rxh3 44.Ng3 Rxg3  0-1

[Event "Bundesliga 8788"]
[Site "Germany"]
[Date "1988.??.??"]
[Round "?"]
[White "Unzicker, Wolfgang"]
[Black "Nunn, John DM"]
[Result "1/2-1/2"]
[WhiteElo "2465"]
[BlackElo "2585"]

1.e4 c5 2.Nf3 d6 3.Bb5+ Nd7 4.d4 Nf6 5.Nc3 cxd4 6.Qxd4 e5 7.Qd3 h6 8.Be3 Be7
9.a4 O-O 10.O-O Nb8 11.Nd5 Nxd5 12.Qxd5 Qc7 13.Nd2 Nc6 14.c3 Be6 15.Qd3 Rac8
16.Rfc1 Bg5 17.Bc4 Bxe3 18.Qxe3 Rcd8 19.Qd3 Ne7 20.Bxe6 fxe6 21.Qc4 Qd7 22.Qb5 Nc6
23.Nb3 Rf4 24.Rd1 Qf7 25.f3 g5 26.Na5 Nxa5 27.Qxa5 b6 28.Qb4 d5 29.a5 bxa5
30.Qxa5 Rd7 31.Qa6 Kg7 32.Qe2 dxe4 33.Rxd7 Qxd7 34.fxe4 Qb7 35.b4 Rxe4 36.Qa6 Qf7
37.g3 Re3 38.Qxa7 Rxc3 39.Qxf7+ Kxf7 40.Rb1 Ke7 41.b5 Kd7 42.b6 Kc8 43.b7+ Kb8
44.Rb6 Rc1+ 45.Kg2 Rc2+ 46.Kg1  1/2-1/2

[Event "Groningen op"]
[Site "Groningen"]
[Date "1988.??.??"]
[Round "?"]
[White "Maier, Christian"]
[Black "Howell, James C"]
[Result "1-0"]
[WhiteElo "2325"]
[BlackElo "2380"]

1.e4 c5 2.Nf3 d6 3.Bb5+ Nc6 4.O-O Bd7 5.Re1 a6 6.Bxc6 Bxc6 7.c3 Nf6 8.d4 Bxe4
9.Bg5 d5 10.Nbd2 Bg6 11.dxc5 e6 12.Qa4+ Qd7 13.Qh4 Bxc5 14.Ne5 Qe7 15.Nb3 Ba7
16.Qa4+ b5 17.Qh4 Rc8 18.a4 b4 19.cxb4 O-O 20.Na5 Qd6 21.Bxf6 gxf6 22.Ng4 f5
23.Nf6+ Kg7 24.Nb7 Qb8 25.Nc5 Bxc5 26.bxc5 Qxb2 27.Nd7 Rfd8 28.Rab1 Qc3 29.Rec1 Qd2
30.Qf6+ Kg8 31.Rd1 Qa5 32.Qe7 f4 33.Rb7 Qxa4 34.Re1 Qc6 35.Nf6+ Kg7 36.Rxe6 Qxc5
37.Ne8+ Rxe8 38.Rxg6+ hxg6 39.Qxf7+ Kh6 40.Qxf4+ g5 41.Qf6+  1-0

[Event "Groningen op"]
[Site "Groningen"]
[Date "1988.??.??"]
[Round "?"]
[White "Maier, Christian"]
[Black "Pliester, Leon"]
[Result "1-0"]
[WhiteElo "2325"]
[BlackElo "2390"]

1.e4 c5 2.Nf3 d6 3.Bb5+ Nc6 4.O-O Bd7 5.Re1 a6 6.Bxc6 Bxc6 7.c3 e5 8.d4 Be7
9.Nbd2 Qc7 10.dxe5 dxe5 11.Nc4 Rd8 12.Qc2 Bf6 13.Ne3 Ne7 14.Ng4 O-O 15.Nxf6+ gxf6
16.Nh4 Kh8 17.Qe2 Qd7 18.Qf3 Qe6 19.Be3 b6 20.Rad1 Rg8 21.g3 Ng6 22.Nf5 Nf4
23.Nh6 Nd3 24.Bg5 Rxg5 25.Rxd3 Rxd3 26.Qxd3 Kg7 27.h4 Rh5 28.Nf5+ Rxf5 29.exf5 Qxa2
30.g4 Qxb2 31.g5 fxg5 32.hxg5 Qb5 33.f6+ Kf8 34.Qxh7  1-0

[Event "Groningen op"]
[Site "Groningen"]
[Date "1988.??.??"]
[Round "?"]
[White "Kraut, Rainer"]
[Black "Gutman, Lev"]
[Result "1-0"]
[WhiteElo "2410"]
[BlackElo "2465"]

1.e4 c5 2.Nf3 d6 3.Bb5+ Nd7 4.d4 cxd4 5.Qxd4 e5 6.Qd3 h6 7.Nc3 Nf6 8.Be3 Be7
9.Bc4 O-O 10.O-O a6 11.a4 Qc7 12.Nh4 Nc5 13.Bxc5 Qxc5 14.Rad1 Re8 15.Nf5 Bxf5
16.exf5 Qc6 17.Nd5 Rad8 18.b3 e4 19.Qe2 Qc8 20.Nxf6+ Bxf6 21.Rd5 Bg5 22.Qh5 Rd7
23.Re1 Qa8 24.Qg4 Rde7 25.Kf1 Bf6 26.Qg3 Qc8 27.Qg4 Qc6 28.Qd1 Qc8 29.Qg4 e3
30.Rxe3 Rxe3 31.fxe3 Rxe3 32.Rxd6 Qe8 33.Rd1 b5 34.axb5 axb5 35.Bd3 Qe5 36.Kf2 h5
37.Qxh5 Qf4+ 38.Kg1 Bd4 39.Kh1 Qf2 40.g3  1-0

[Event "Kecskemet"]
[Site "Kecskemet"]
[Date "1988.??.??"]
[Round "?"]
[White "Klundt, Klaus"]
[Black "Tolnai, Tibor"]
[Result "0-1"]
[WhiteElo "2410"]
[BlackElo "2485"]

1.e4 c5 2.Nf3 d6 3.Bb5+ Bd7 4.Bxd7+ Nxd7 5.O-O Ngf6 6.Re1 e6 7.d4 cxd4 8.Qxd4 Be7
9.c4 O-O 10.Nc3 a6 11.b3 Rc8 12.Bb2 Qc7 13.Rac1 Rfd8 14.h3 Qb8 15.Qd3 Ne5
16.Qe2 Nxf3+ 17.Qxf3 b5 18.cxb5 axb5 19.Qe2 b4 20.Nb5 Nxe4 21.Qg4 Bf8 22.Nd4 Nc5
23.Re3 Qa8 24.Ra1 Qd5 25.Rd1 Qb7 26.h4 Ra8 27.Ra1 h6 28.Nc2 Rdb8 29.Rg3 Qe4
30.Qd1 f5 31.Qd2 f4 32.Re1 fxg3 33.Rxe4 Nxe4 34.Qd4 gxf2+ 35.Kf1 d5 36.Qe5 Rb7
37.Nd4 Rf7 38.Nf3 Rxa2  0-1

[Event "Lugano op"]
[Site "Lugano"]
[Date "1988.??.??"]
[Round "?"]
[White "Palos, Osman"]
[Black "Boensch, Uwe"]
[Result "0-1"]
[WhiteElo "2385"]
[BlackElo "2575"]

1.e4 c5 2.Nf3 d6 3.Bb5+ Bd7 4.Bxd7+ Qxd7 5.O-O Nc6 6.Re1 Nf6 7.h3 e6 8.d3 Be7
9.Nbd2 O-O 10.Nf1 b5 11.Ng3 a5 12.c3 Rfd8 13.d4 cxd4 14.Nxd4 Nxd4 15.Qxd4 a4
16.Bd2 Qc6 17.Bg5 h6 18.Be3 Qc4 19.a3 d5 20.e5 Nd7 21.Rad1 Nc5 22.Nf1 Rab8
23.Nh2 Nb3 24.Qg4 Qxg4 25.hxg4 d4 26.cxd4 Na5 27.Nf3 Nc4 28.Bc1 b4 29.axb4 Rxb4
30.d5 Rxd5 31.Rxd5 exd5 32.Nd4 Nxe5 33.Rxe5 Rxd4 34.Rxe7 Rd1+ 35.Kh2 Rxc1
36.Ra7 Rc4 37.Kg3 Rb4 38.f3 g5 39.Kh3 d4 40.g3 Kf8 41.f4 gxf4 42.gxf4 d3
43.Rd7 Rxb2  0-1

[Event "Lvov"]
[Site "Lvov"]
[Date "1988.??.??"]
[Round "?"]
[White "Dorfman, Josif D"]
[Black "Mikhalchishin, Adrian"]
[Result "1/2-1/2"]
[WhiteElo "2520"]
[BlackElo "2490"]

1.e4 c5 2.Nf3 d6 3.Bb5+ Bd7 4.Bxd7+ Nxd7 5.O-O Ngf6 6.Re1 e5 7.c4 Be7 8.Nc3 O-O
9.d3 h6 10.Nd2 a6 11.Nf1 Rb8 12.a4  1/2-1/2

[Event "Lyngby op"]
[Site "Lyngby"]
[Date "1988.??.??"]
[Round "1"]
[White "Andersen, D."]
[Black "Hoffman, Alejandro"]
[Result "0-1"]
[WhiteElo "2285"]
[BlackElo "2360"]

1.e4 c5 2.Nf3 d6 3.Bb5+ Bd7 4.Bxd7+ Qxd7 5.O-O Nc6 6.c3 Nf6 7.Re1 e6 8.d4 cxd4
9.Nxd4 Be7 10.Bg5 O-O 11.Qd3 Nxe4 12.Bxe7 Nc5 13.Qg3 Nxe7 14.b4 Na6 15.f4 Rac8
16.Nd2 d5 17.Re3 Nc7 18.N2f3 Ng6 19.Qg4 Ne8 20.f5 Nf6 21.Qh3 exf5 22.Nxf5 Nf4
23.Ne7+ Qxe7 24.Rxe7 Nxh3+ 25.gxh3 Rxc3 26.Rf1 Ra3 27.Rxb7 Rxa2 28.Nd4 h6
29.Nc6 a6 30.Re1 Ne4 31.Ne7+ Kh7 32.Nxd5 Ng5 33.Re3 Rd8 34.Nc3 Rc2 35.h4 Rdd2
36.Ne2 Ne6 37.Kf1 Nd4 38.Nxd4 Rxd4 39.h3 Rxh4 40.Kg1 Rd4 41.Re1 Rd3 42.Rxf7 Rg3+
43.Kf1 Rxh3 44.Kg1 Rg3+ 45.Kf1 Rg4 46.Rb1 Rh2 47.Rb3 Rc4 48.Kg1 Rd2 49.Rb1 Rd5
50.Ra7 Rb5 51.Rxa6 Rcxb4 52.Rxb4 Rxb4 53.Kg2 Rb3 54.Kf2 h5 55.Kg2 g6 56.Ra5 Kh6
57.Kh2 h4  0-1

[Event "Malmo"]
[Site "Malmo"]
[Date "1988.??.??"]
[Round "?"]
[White "Brynell, Stellan"]
[Black "Hellers, Ferdinand"]
[Result "1/2-1/2"]
[WhiteElo "2385"]
[BlackElo "2490"]

1.e4 c5 2.Nf3 d6 3.Bb5+ Bd7 4.Bxd7+ Qxd7 5.O-O Nc6 6.c3 Nf6 7.d4 cxd4 8.cxd4 d5
9.e5 Ne4 10.Ne1 f6 11.f3 Ng5 12.Be3 e6 13.Nc3 Be7 14.exf6 Bxf6 15.Nd3 O-O
16.Nc5 Qc8 17.f4 Nf7 18.f5 exf5 19.Nxd5 Bd8 20.Rc1 Re8 21.Qf3 g6 22.Nxb7 Qxb7
23.Rxc6 Kh8 24.Rc2 Bg5 25.Bf2 Rad8 26.Rc7 Qxd5 27.Qxd5 Rxd5 28.Rxf7 a5 29.Rd1 Kg8
30.Ra7 Rb5 31.b3 Rd5 32.Kf1 Rc8 33.Re1 Bf6 34.Ra6 Kg7 35.Be3 g5 36.Rc1 Rxc1+
37.Bxc1 Rxd4 38.Ke2 Re4+ 39.Kd3 Rd4+ 40.Ke2 Re4+  1/2-1/2

[Event "Malmo"]
[Site "Malmo"]
[Date "1988.??.??"]
[Round "?"]
[White "Brynell, Stellan"]
[Black "Ernst, Thomas"]
[Result "1-0"]
[WhiteElo "2385"]
[BlackElo "2450"]

1.e4 c5 2.Nf3 d6 3.Bb5+ Nc6 4.O-O Bd7 5.Re1 Nf6 6.c3 a6 7.Bxc6 Bxc6 8.d4 Bxe4
9.Bg5 Bd5 10.Nbd2 e6 11.c4 Bc6 12.d5 Bd7 13.Ne4 Be7 14.Bxf6 gxf6 15.dxe6 Bxe6
16.Qa4+ Qd7 17.Qa5 Qc6 18.Rad1 Rg8 19.b3 Rg4 20.Ng3 b6 21.Qd2 O-O-O 22.Qh6 Rh8
23.Kh1 Qd7 24.Rd3 Kb7 25.Qd2 Rhg8 26.Ne4 Kc7 27.g3 h5 28.a4 Qc6 29.Nc3 Kb7
30.Nd5 Bd8 31.Qh6 b5 32.axb5 axb5 33.Qxh5 Kc8 34.Qh7 Qd7 35.Ne3 R4g7 36.Qe4 Qb7
37.Qxb7+ Kxb7 38.Rxd6 Bc7 39.Rdd1 Rd8 40.Rxd8 Bxd8 41.Nh4 Rg8 42.Nhf5 Bc7
43.h4 Rd8 44.Kg2 Be5 45.Rb1 Ka6 46.Kf3 Ka5 47.Ne7 Rd6 48.Ke2 Kb4 49.N7d5+ Ka3
50.Kd3 Ka2 51.Kc2 Bd4 52.Rd1 b4 53.h5 f5 54.Nf4 Rd8 55.Ne2 f4 56.Nxf4  1-0

[Event "Munich"]
[Site "Munich"]
[Date "1988.??.??"]
[Round "?"]
[White "Hecht, Hans Joachim"]
[Black "Hjartarson, Johann"]
[Result "0-1"]
[WhiteElo "2445"]
[BlackElo "2590"]

1.e4 c5 2.Nf3 d6 3.Bb5+ Bd7 4.c4 Nc6 5.Nc3 Ne5 6.Nxe5 dxe5 7.d3 e6 8.Be3 Nf6
9.O-O Be7 10.a3 O-O 11.Rb1 Rc8 12.Bxd7 Qxd7 13.Qa4 Rc6 14.h3 a6 15.Rfd1 Rd8
16.Rd2 h6 17.Qc2 Nh5 18.Qd1 Nf4 19.Qg4 f5 20.Qf3 Ng6 21.exf5 exf5 22.Rdd1 Kh7
23.Nd5 Nh4 24.Qe2 Rg6 25.g3 f4 26.Bxf4 Qxh3 27.Qe4 Rxd5  0-1

[Event "Naleczow (Women)"]
[Site "Naleczow"]
[Date "1988.??.??"]
[Round "9"]
[White "Wagner Michel, Annett"]
[Black "Levitina, Irina S"]
[Result "1/2-1/2"]
[WhiteElo "2225"]
[BlackElo "2355"]

1.e4 c5 2.Nf3 d6 3.Bb5+ Nd7 4.d4 Nf6 5.Nc3 cxd4 6.Qxd4 e5 7.Qd3 h6 8.O-O Be7
9.Nd2 O-O 10.Bxd7 Nxd7 11.Nd5 Nc5 12.Qe2 Be6 13.Nxe7+ Qxe7 14.c4 f5 15.b3 Qh4
16.Ba3 Nxe4 17.Nxe4 fxe4 18.Bxd6 Rf5 19.g3 Qh3 20.f3 Rd8 21.c5 exf3 22.Rxf3 Rxf3
23.Qxf3 Rd7 24.Re1 Rf7 25.Qe4 Bg4 26.Qg2 e4 27.Qxe4 Bf3 28.Qc2 Bc6 29.a4 a5
30.Qe2 Bd5 31.Rf1 Rxf1+  1/2-1/2

[Event "New York op"]
[Site "New York"]
[Date "1988.??.??"]
[Round "?"]
[White "Fedorowicz, John P"]
[Black "Frias, Victor J"]
[Result "1/2-1/2"]
[WhiteElo "2560"]
[BlackElo "2485"]

1.Nf3 c5 2.e4 d6 3.Bb5+ Bd7 4.Bxd7+ Qxd7 5.O-O e6 6.c4 Nf6 7.Nc3 Nc6 8.d4 cxd4
9.Nxd4 Be7 10.b3 O-O 11.Bb2  1/2-1/2

[Event "World op"]
[Site "Philadelphia"]
[Date "1988.??.??"]
[Round "?"]
[White "Kutschenko, Roland"]
[Black "Friedman, Aviv"]
[Result "0-1"]
[WhiteElo "2305"]
[BlackElo "2300"]

1.e4 c5 2.Nf3 d6 3.Bb5+ Bd7 4.Bxd7+ Qxd7 5.O-O Nc6 6.d3 g6 7.Be3 Bg7 8.c3 Nf6
9.h3 O-O 10.Nh4 c4 11.f4 b5 12.Qc2 cxd3 13.Qxd3 b4 14.cxb4 Nxb4 15.Qd2 Qb7
16.a3 Na6 17.Nc3 Nxe4 18.Nxe4 Qxe4 19.Rae1 Rfc8 20.Bxa7 Qc2 21.Qxc2 Rxc2
22.Bf2 Rxb2 23.Nf3 e6 24.Rc1 Ra2 25.Rc6 d5 26.Rfc1 Bf6 27.Rc8+ Rxc8 28.Rxc8+ Kg7
29.Ng5 h6 30.Nf3 Rxa3 31.Ne5 Ra1+ 32.Kh2 Rf1 33.Ng4 h5 34.Nxf6 Rxf2 35.Ne8+ Kh6
36.Kg3 Rb2 37.Nd6 Rb3+ 38.Kf2 f6 39.Ne8 Nb4 40.Nxf6 Nd3+ 41.Ke3 Nb4+ 42.Kd4 Kg7
43.Nd7 Rd3+ 44.Ke5 Re3+ 45.Kd6 Nd3 46.Rf8 Re4 47.g3 h4 48.Ke7 hxg3 49.h4 Rxf4
50.Nf6 Rxf6 51.Rxf6 g2 52.Rf7+ Kh6 53.Kf8 g1=Q 54.Kg8 Kh5  0-1

[Event "Rubinstein mem"]
[Site "Polanica Zdroj"]
[Date "1988.??.??"]
[Round "6"]
[White "Tseitlin, Mikhail S"]
[Black "Petrosian, Arshak B"]
[Result "1-0"]
[WhiteElo "2455"]
[BlackElo "2460"]

1.e4 c5 2.Nf3 d6 3.Bb5+ Bd7 4.Bxd7+ Qxd7 5.c4 Nf6 6.Nc3 Nc6 7.O-O e6 8.d4 cxd4
9.Nxd4 Be7 10.f3 O-O 11.Be3 Rfd8 12.Rc1 b6 13.Qe2 Qb7 14.Rfd1 a6 15.Nxc6 Qxc6
16.Qf2 Nd7 17.b3 Qb7 18.Bf4 Ne5 19.Qg3 Qc7 20.Na4 Rab8 21.h4 h5 22.Kh2 g6
23.c5 bxc5 24.Nxc5 Qa7 25.Nxe6 fxe6 26.Bxe5 dxe5 27.Qxg6+ Kf8 28.Qh6+ Kf7
29.Qxh5+ Kf8 30.Qxe5 Rxd1 31.Rxd1 Rb6 32.Qh8+ Kf7 33.Qh7+ Ke8 34.Qg8+ Bf8
35.Qg6+  1-0